000 00727cam a2200253 a 4500
001 3017738
005 20171218082527.0
008 940817s1995 ctua b 001 0 eng d
010 _a 94070577
020 _a1561342459
035 _a(OCoLC)32280962
040 _aABAU
_cABAU
_dDLC
041 _aeng
042 _alccopycat
080 _a305.409
082 0 0 _a305.409 HAR
_220
100 1 _a16
101 _aHIS
245 1 0 _aWomen in the Western heritage /
_cHelga H. Harriman.
504 _aIncludes bibliographical references (p. 377-387) and index.
906 _a7
_bcbc
_ccopycat
_d2
_eopcn
_f19
_gy-gencatlg
942 _2ddc
_cBK
999 _c39101
_d39101